Investigation of silk from Edsen-gol and Lop-nor, and a survey of wool and vegetable materials (Record no. 10149)

MARC details
000 -CABECERA
campo de control de longitud fija 00993nam a2200253 a 4500
001 - NÚMERO DE CONTROL
campo de control BRL_1337
005 - FECHA Y HORA DE LA ÚLTIMA TRANSACCIÓN
campo de control 20190320211145.0
008 - DATOS DE LONGITUD FIJA--INFORMACIÓN GENERAL
campo de control de longitud fija 070114s1949----sw-abo####---#000-0#eng-#
041 ## - CÓDIGO DE LENGUA
Código de lengua del texto/banda sonora o título independiente eng
044 ## - CÓDIGO DEL PAÍS DE LA ENTIDAD EDITORA/PRODUCTORA
Código MARC del país sw
050 #4 - SIGNATURA TOPOGRÁFICA DE LA BIBLIOTECA DEL CONGRESO
Número de clasificación TS1651
Número de documento/Ítem .S95 1949
100 1# - ENTRADA PRINCIPAL--NOMBRE DE PERSONA
Nombre de persona Sylwan, Vivi
Fechas asociadas al nombre 1870-
9 (RLIN) 26566
245 10 - MENCIÓN DE TÍTULO
Título Investigation of silk from Edsen-gol and Lop-nor, and a survey of wool and vegetable materials
Mención de responsabilidad, etc. by Vivi Sylwan ; introduction by Gösta Montell.
260 ## - PUBLICACIÓN, DISTRIBUCIÓN, ETC.
Lugar de publicación, distribución, etc. Stockholm
Nombre del editor, distribuidor, etc. [Elanders Boktryckeri]
Fecha de publicación, distribución, etc. 1949
300 ## - DESCRIPCIÓN FÍSICA
Extensión 180 p.
Otras características físicas il., láminas, mapas
Dimensiones 29 cm.
440 #0 - MENCIÓN DE SERIE/PUNTO DE ACCESO ADICIONAL--TÍTULO
Título Reports from the scientific expedition to the north-western provinces of China under the leadership of Dr. Sven Hedin. The Sino-Swedish Expedition. Publication 32. VII. Archaeology
Designación de volumen o secuencia 6
9 (RLIN) 26567
500 ## - NOTA GENERAL
Nota general Au1562
504 ## - NOTA DE BIBLIOGRAFÍA, ETC.
Nota de bibliografía, etc. Bibliografía: p. 177-180
650 14 - PUNTO DE ACCESO ADICIONAL DE MATERIA--TÉRMINO DE MATERIA
Término de materia o nombre geográfico como elemento de entrada Industria de la sera
Subdivisión geográfica China
9 (RLIN) 26568
651 #4 - PUNTO DE ACCESO ADICIONAL DE MATERIA--NOMBRE GEOGRÁFICO
Nombre geográfico China
Subdivisión general Antigüedades
9 (RLIN) 19443
700 1# - PUNTO DE ACCESO ADICIONAL--NOMBRE DE PERSONA
Nombre de persona Montell, Gösta
9 (RLIN) 26569
902 ## - CATALOGADOR
Iniciales GRL
942 ## - ELEMENTOS DE PUNTO DE ACCESO ADICIONAL (KOHA)
Fuente del sistema de clasificación o colocación Library of Congress Classification
Tipo de ítem Koha Libros
Holdings
Estado de retiro Estado de pérdida Estado dañado No para préstamo Localización permanente Ubicación/localización actual Fecha de adquisición Número de inventario Total de préstamos Signatura topográfica completa Código de barras Fecha visto por última vez Precio válido a partir de Tipo de ítem Koha
El ejemplar forma parte de la colección y puede ser consultado según las políticas vigentes.       Biblioteca Centro de Estudios Ruth D. Lechuga Biblioteca Centro de Estudios Ruth D. Lechuga 07/01/2014 Au1562   TS1651 .S95 1949 (Au1562) GRL01496 22/03/2019 22/03/2019 Libros